00478nam a2200193Ia 4500003000400000008004100004040001600045082001300061100001600074245004900090260003900139300000900178650001500187650001200202650001100214650001800225650001900243650002200262GCL140319s9999 xx 000 0 eng d aGCL / cGCL04a843bG R1 aGIONO, JEAN10aROMANS ET ESSAIS (1928-1941) / cGIONO, JEAN a[S.N] : bLA POCHOTHEQUE ، c1992 a130504aLITERATURE04aFICTION04aESSAYS04aFRENCH ESSAYS04aFRENCH FICTION04aFRENCH LITERATURE